00496nam a2200157 i 4500001000300000100003800003245003600041260002100077040000800098041000800106942000700114008004100121999001700162856009800179952006100277bg1 aHueckel, Stanisławd(1911-1980). 0aBudowle morskie /cSt. Hueckel. aGdańsk,c1975. cBPK apol cKS s pl f |000 0 pol  c18610d18610 uhttp://koha.tu.koszalin.pl/cgi-bin/koha/opac-detail.pl?biblionumber=18610yKatalog online BPK 00104070aBPKbBPKcwo25954p01669084s2018-06-08yKS